Explore

Contents: The visitors; Yogi; coiled lightning; never shoot a medic; junk tanker; missing passenger

সংরক্ষণ করুন:
গ্রন্থ-পঞ্জীর বিবরন
প্রধান লেখক: Rambeau, John R.
বিন্যাস: গ্রন্থ
ভাষা:Undetermined
প্রকাশিত: Oklahoma City Educational Guidelines Company 1968
বিষয়গুলি:
ট্যাগগুলো: ট্যাগ যুক্ত করুন
কোনো ট্যাগ নেই, প্রথমজন হিসাবে ট্যাগ করুন!
Thư viện lưu trữ: Trung tâm Học liệu Trường Đại học Cần Thơ
LEADER 00648nam a2200193Ia 4500
001 CTU_222024
008 210402s9999 xx 000 0 und d
082 |a 813 
082 |b R167 
100 |a Rambeau, John R. 
245 0 |a Explore 
245 0 |c John R. Rambeau, Nancy Rambeau 
260 |a Oklahoma City 
260 |b Educational Guidelines Company 
260 |c 1968 
520 |a Contents: The visitors; Yogi; coiled lightning; never shoot a medic; junk tanker; missing passenger 
650 |a Tiểu thuyết Mỹ,American fiction 
904 |i Tô Chánh Trung, Tuyến 
980 |a Trung tâm Học liệu Trường Đại học Cần Thơ